000 00900nam a2200265Ia 4500
003 OSt
005 20221005103908.0
006 a|||||r|||| 00| 0
007 ta
008 221004b |||||||| |||| 00| 0 hin d
020 _a9788188790944 (hbk)
_c995
024 _a8510
037 _b238, 17/12/2013, Eastern Book Linkers
_cTextual
040 _aCRL
_cCRL
_bhin
041 _2hin
_ahin
082 _aP, 152Q4
100 _aवाशिष्ठ, सरिता
245 0 _aभाड्ढा विज्ञान
246 _aBhāḍḍhā vijnyāna
260 _aदिल्ली
_bकल्पना प्रकाशन भारत
_c2014
300 _a320पृ0
_ccm.
650 _aहिन्दी भाषा
942 _hP, 152Q4
_cTEXL
_2cc
999 _c1011191
_d1011191